| 000 | 00548nam a22001815i 4500 | ||
|---|---|---|---|
| 001 | 171632 | ||
| 003 | ES-MaACL | ||
| 005 | 20250910183111.0 | ||
| 008 | 090525s1953 sp |||| | cat d | ||
| 100 | 1 |
_aSoldevila, Ferran. _9107111 |
|
| 245 | 1 | 0 |
_aPere II el Gran / _cper Ferran Soldevila. |
| 260 |
_aBarcelona : _bBarcino, _c1953. |
||
| 300 |
_a78 p. ; _c16 cm. |
||
| 490 | 1 |
_aCol-leció popular Barcino ; _v155 |
|
| 830 | 0 |
_aCol·lecció popular Barcino _v155 _9229864 |
|
| 852 |
_aES-MaACL _j1956-F-11 |
||
| 999 |
_c171632 _d171632 |
||